Российские города на Б - Statistics

General Stats
  • This quiz has been taken 281 times
  • The average score is 30 of 85
Answer Stats
Регион Город % Correct
Белогородская обл. Белгород
82%
Брянская обл. Брянск
79%
Алтайский край Барнаул
72%
Московская обл. Балашиха
70%
Алтайский край Бийск
70%
Нижегородская обл. Бор
68%
Иркутская обл. Братск
67%
Еврейский АО Биробиджан
60%
Башкортостан Благовещенск
55%
Амурская обл. Благовещенск
55%
Саратовская обл. Балаково
51%
Калининградская обл. Балтийск
48%
Ростовская обл. Батай
47%
Новосибирская обл. Бердск
47%
Воронежская обл. Борисоглебск
45%
Костромская обл. Буй
45%
Республика Крым Бахчисарай
41%
Амурская обл. Белогорск
41%
Республика Крым Белогорск
41%
Татарстан Бугульма
41%
Иркутская обл. Байкальск
40%
Тверская обл. Белый
40%
Дагестан Буйнакск
40%
Пермский край Березники
38%
Чукотский АО Билибино
38%
Саратовская обл. Балашов
37%
Респ. Северная Осетия Беслан
37%
Ставропольский край Будённовск
37%
Тверская обл. Бологое
36%
Калининградская обл. Багратионовск
34%
Республика Карелия Беломорск
34%
Краснодарский край Белореченск
34%
Кемеровская обл. Берёзовский
34%
Иркутская обл. Бодайбо
34%
Оренбургская обл. Бузулук
34%
Вологодская обл. Белозерск
33%
Башкортостан Бирск
33%
Кемеровская обл. Белово
32%
Башкортостан Белорецк
32%
Оренбургская обл. Бугуруслан
32%
Татарстан Буинск
32%
Бурятия Бабушкин
31%
Кабардино-Балкария Баксан
31%
Башкортостан Белебей
31%
Алтайский край Белокуриха
30%
Нижегородская обл. Богородск
30%
Калужская обл. Боровск
30%
Калужская обл. Балабаново
29%
Московская обл. Белоозёрский
29%
Ханты-Мансийский АО Белоярский
29%
Хабаровский край Бикин
29%
Тульская обл. Богородицк
29%
Татарстан Болгар
29%
Забайкальский край Борзя
29%
Московская обл. Бронницы
29%
Татарстан Бавлы
28%
Новосибирская обл. Барабинск
28%
Ленинградская обл. Бокситогорск
28%
Красноярский край Боготол
27%
Иркутская обл. Бирюсинск
26%
Ставропольский край Благодарный
26%
Новосибирская обл. Болотное
26%
Приморский край Большой Камень
26%
Красноярский край Бородино
26%
Башкортостан Баймак
25%
Воронежская обл. Бутурлиновка
25%
Челябинская обл. Бакал
24%
Нижегородская обл. Балахна
24%
Забайкальский край Балей
24%
Ростовская обл. Белая Калитва
24%
Тульская обл. Белёв
24%
Свердловская обл. Богданович
24%
Вологодская обл. Бабаево
23%
Свердловская обл. Берёзовский
23%
Ульяновская обл. Барыш
22%
Белгородская обл. Бирюч
22%
Новгородская обл. Боровичи
22%
Пензенская обл. Белинский
21%
Воронежская обл. Бобров
21%
Тульская обл. Болохово
21%
Орловская обл. Болохов
21%
Кировская обл. Белая Холуница
20%
Калужская обл. Белоусово
18%
Воронежская обл. Богучар
18%
Тверская обл. Бежецк
16%
No matching quizzes found
Score Distribution
Percent of People with Each Score
Percentile by Number Answered
Your Score History
You have not taken this quiz